Statistics for Adverbs that End in "-yly"

Click here to take the quiz!

General Stats

  • This quiz has been taken 94 times
  • The average score is 4 of 7

Answer Stats

Answer% Correct
Slyly
75%
Shyly
66%
Dryly
59%
Wryly
52%
Gayly
48%
Coyly
38%
Spryly
15%

Score Distribution

Percentile by Number Answered

Percent of People with Each Score

Your Score History

You have not taken this quiz